Every Song by Kings of Leon - Statistics

General Stats
  • This quiz has been taken 166 times
    38 since last reset
  • The average score is 51 of 114
Answer Stats
Album Song % Correct
Only by the Night(2008) Sex on Fire
96%
Only by the Night(2008) Use Somebody
83%
Youth & Young Manhood(2003) Molly's Chambers
75%
Come Around Sundown(2010) Pyro
75%
Aha Shake Heartbreak(2004) The Bucket
75%
Only by the Night(2008) Closer
67%
Youth & Young Manhood(2003) Holy Roller Novocaine
67%
Because of the Times(2007) Arizona
63%
Only by the Night(2008) Be Somebody
63%
Only by the Night(2008) Revelry
63%
Mechanical Bull(2013) Supersoaker
63%
WALLS(2016) Walls
63%
Only by the Night(2008) 17
58%
Come Around Sundown(2010) Birthday
58%
Because of the Times(2007) Fans
58%
Aha Shake Heartbreak(2004) King of the Rodeo
58%
Because of the Times(2007) Knocked Up
58%
Aha Shake Heartbreak(2004) Milk
58%
Come Around Sundown(2010) Radioactive
58%
Aha Shake Heartbreak(2004) Taper Jean Girl
58%
Mechanical Bull(2013) Wait for Me
58%
Come Around Sundown(2010) Back Down South
54%
Because of the Times(2007) Black Thumbnail
54%
Youth & Young Manhood(2003) California Waiting
54%
Only by the Night(2008) Cold Desert
54%
Only by the Night(2008) Crawl
54%
Mechanical Bull(2013) Family Tree
54%
Only by the Night(2008) I Want You
54%
Come Around Sundown(2010) Mary
54%
Because of the Times(2007) Camaro
50%
Because of the Times(2007) Charmer
50%
Aha Shake Heartbreak(2004) Four Kicks
50%
Youth & Young Manhood(2003) Joe's Head
50%
Only by the Night(2008) Manhattan
50%
Because of the Times(2007) My Party
50%
Only by the Night(2008) Notion
50%
Because of the Times(2007) On Call
50%
Because of the Times(2007) Ragoo
50%
Youth & Young Manhood(2003) Red Morning Light
50%
Aha Shake Heartbreak(2004) Rememo
50%
Mechanical Bull(2013) Rock City
50%
Aha Shake Heartbreak(2004) Slow Night, So Long
50%
Youth & Young Manhood(2003) Spiral Staircase
50%
Youth & Young Manhood(2003) Talihina Sky
50%
Mechanical Bull(2013) Temple
50%
Come Around Sundown(2010) Beach Side
46%
Aha Shake Heartbreak(2004) Day Old Blues
46%
WALLS(2016) Find Me
46%
Youth & Young Manhood(2003) Happy Alone
46%
Because of the Times(2007) McFearless
46%
Can We Please Have Fun(2024) Mustang
46%
Come Around Sundown(2010) Pickup Truck
46%
Aha Shake Heartbreak(2004) Pistol of Fire
46%
Come Around Sundown(2010) Pony Up
46%
Aha Shake Heartbreak(2004) Soft
46%
Come Around Sundown(2010) The Face
46%
Come Around Sundown(2010) The Immortals
46%
Because of the Times(2007) True Love Way
46%
Because of the Times(2007) Trunk
46%
Aha Shake Heartbreak(2004) Velvet Snow
46%
WALLS(2016) Waste a Moment
46%
Youth & Young Manhood(2003) Wasted Time
46%
Mechanical Bull(2013) Beautiful War
42%
Youth & Young Manhood(2003) Genius
42%
Come Around Sundown(2010) Mi Amigo
42%
Can We Please Have Fun(2024) M Television
42%
Come Around Sundown(2010) No Money
42%
Mechanical Bull(2013) On the Chin
42%
When You See Yourself(2021) The Bandit
42%
Come Around Sundown(2010) The End
42%
Mechanical Bull(2013) Tonight
42%
Youth & Young Manhood(2003) Trani
42%
When You See Yourself(2021) 100,000 People
38%
Can We Please Have Fun(2024) Ballerina Radio
38%
When You See Yourself(2021) Claire & Eddie
38%
Mechanical Bull(2013) Comeback Story
38%
Mechanical Bull(2013) Don't Matter
38%
Youth & Young Manhood(2003) Dusty
38%
Can We Please Have Fun(2024) Nowhere to Run
38%
Can We Please Have Fun(2024) Rainbow Ball
38%
Aha Shake Heartbreak(2004) Razz
38%
Can We Please Have Fun(2024) Split Screen
38%
When You See Yourself(2021) Stormy Weather
38%
Because of the Times(2007) The Runner
38%
When You See Yourself(2021) Time in Disguise
38%
Aha Shake Heartbreak(Bonus)(2004) Where Nobody Knows
38%
Can We Please Have Fun(2024) Actual Daydream
33%
Come Around Sundown(2010) Celebration
33%
WALLS(2016) Conversation Piece
33%
Can We Please Have Fun(2024) Don't Stop the Bleeding
33%
Can We Please Have Fun(2024) Ease Me On
33%
WALLS(2016) Muchacho
33%
Can We Please Have Fun(2024) Nothing to Do
33%
Can We Please Have Fun(2024) Seen
33%
When You See Yourself(2021) When You See Yourself, Are You Far Away
33%
WALLS(2016) Around the World
29%
Mechanical Bull(2013) Coming Back Again
29%
When You See Yourself(2021) Echoing
29%
WALLS(2016) Eyes on You
29%
When You See Yourself(2021) Fairytale
29%
When You See Yourself(2021) Golden Restless Age
29%
Can We Please Have Fun(2024) Hesitation Gen
29%
WALLS(2016) Over
29%
WALLS(2016) Reverend
29%
When You See Yourself(2021) Supermarket
29%
Holy Roller Novocaine(2003) Wicker Chair
29%
WALLS(2016) Wild
29%
When You See Yourself(2021) A Wave
25%
Only by the Night(2008) Frontier City
25%
Mechanical Bull(Bonus)(2013) Last Mile Home
25%
Mechanical Bull(Bonus)(2013) Work on Me
25%
Non-Album(2025) We're Onto Something
21%
Only by the Night(2008) Beneath the Surface
17%
Because of the Times(Bonus)(2007) My Third House
17%
No matching quizzes found
Score Distribution
Percent of People with Each Score
Percentile by Number Answered
Your Score History
You have not taken this quiz since the last reset